UBT Library

DICTIONARY OF NURSING THEORY AND RESEARCH (Record no. 59196)

000 -LEADER
fixed length control field 00352nam a22001457a 4500
008 - FIXED-LENGTH DATA ELEMENTS--GENERAL INFORMATION
fixed length control field 221216b ||||| |||| 00| 0 eng d
020 ## - INTERNATIONAL STANDARD BOOK NUMBER
International Standard Book Number 9780826117748
041 ## - LANGUAGE CODE
Language code of text/sound track or separate title eng
080 ## - UNIVERSAL DECIMAL CLASSIFICATION NUMBER
Edition identifier 3RD EDITION
Universal Decimal Classification number 610.73
082 ## - DEWEY DECIMAL CLASSIFICATION NUMBER
Classification number 610.73POW
100 ## - Rafti
Rafti 8
101 ## - Shkurtesa
Shkurtesa INF
245 ## - TITLE STATEMENT
Title DICTIONARY OF NURSING THEORY AND RESEARCH
Statement of responsibility, etc POWERS A B
942 ## - ADDED ENTRY ELEMENTS (KOHA)
Source of classification or shelving scheme
Item type Books
Holdings
Withdrawn status Lost status Source of classification or shelving scheme Damaged status Not for loan Collection code Permanent location Current location Date acquired Total Checkouts Full call number Barcode Date last seen Price effective from Koha item type
          Koleksioni i përgjithshem UBT - Lipjan UBT - Lipjan 12/16/2022   610.73POW 002-8000287002601137 12/16/2022 12/16/2022 Books
UBT Library © 2015-2024. All rights reserved University Education for Business and Technology